Quizzes
Events
Quiz Creation
Community
Videos
Private Events
Remove Ads
Sign In
Join for FREE
Feedback
Dark Mode
Quiz Categories
Sports
Geography
Music
Movies
Television
Just For Fun
Miscellaneous
History
Literature
Language
Science
Gaming
Entertainment
Religion
Holiday
For Kids
Quiz Lab
Recent
Popular Today
Quiz Kudos Today
Editor Picks
Curator Picks
Quizzes by...
Day
Popularity
Type
Ratings
Length
Year
Community
Subscriptions
Recent Discussions
Orange Saloon
Badges
Playlists
Quests
Create
Leaderboards
Showdown
Live 5
Trivia Bingo
Activity
Puzzle Library
Sporcle Events
Private Events
Virtual Trivia
Globe League
Become a Host
Pub Owners
SporcleCon
Opinionation
Our Games
Videos
Blog
Mobile Apps
Partnerships
Remove Ads and Go Orange
Feedback
Sports
Athletes
MLB
NBA
NHL
NFL
Soccer
Sports Teams
WWE
NCAA
Football
Premier League
Basketball
Baseball
Hockey
Golf
Tennis
Cricket
Rugby
Auto Racing
Olympics
World Cup
Sports
Athletes
MLB
NBA
NHL
NFL
Soccer
Sports Teams
WWE
NCAA
Football
Premier League
Basketball
Baseball
Hockey
Golf
Tennis
Cricket
Rugby
Auto Racing
Olympics
World Cup
Random Quiz
Search Sporcle
×
Quiz Lab
Quiz Lab
Sports
NHL
Type in answers that appear in a list
Type in answers that appear in a list
Classic
Best Score? Go Orange.
Ex Toronto Maple Leafs as Stanley Cup Champions Stats
Can you name the Ex Toronto Maple Leafs as Stanley Cup Champions on other teams since 1990?
20m
67 Questions
74 Plays
74 Plays
74 Plays
Comments
Comments
Give Quiz Kudos
Give Quiz Kudos
-
- Ratings
hide this ad
Replay
Link that replays current quiz
Next Quiz
Link to next quiz in quiz playlist
You Got
0%
They Got
Avg Score
23%
Avg Friend Score
Upgrade to see
Score Distribution
Jump to the score distribution portion of the page
Score
0/67
Timer
20:00
0
Plays Today
Hint
Answer
% Correct
Colorado Avalanche (2022)
Nazem Kadri
91.7%
Pittsburgh Penguins (2017, 2016)
Phil Kessel
87.8%
St Louis Blues (2019)
Tyler Bozak
65.6%
New Jersey Devils (2003) Dallas Stars (1999) Calgary Flames (1989)
Joe Nieuwendyk
56.8%
New York Rangers (1994) Edmonton Oilers (1990, 1988, 1987, 1985, 1984)
Glenn Anderson
55.4%
Boston Bruins (2011)
Tomas Kaberle
54.1%
Tampa Bay Lightning (2004)
Dave Andreychuk
54.1%
Montreal Canadiens (1993)
Vincent Damphousse
52.7%
Detroit Red Wings (1998, 1997) Pittsburgh Penguins (1992, 1991)
Larry Murphy
51.4%
St Louis Blues (2019)
Alexander Steen
50%
Dallas Stars (1999)
Ed Belfour
48.6%
New York Rangers (1994)
Brian Leetch
47.3%
Chicago Blackhawks (2015, 2010)
Kris Versteeg
43.2%
New Jersey Devils (2000)
Alexander Mogilny
43.2%
St Louis Blues (2019) *
Ryan O'Reilly
42.9%
Pittsburgh Penguins (1992, 1991)
Ron Francis
41.9%
Tampa Bay Lightning (2021, 2020) *
Luke Schenn
40.9%
Chicago Blackhawks (2013, 2010)
Dave Bolland
37.8%
Los Angeles Kings (2014) *
Jake Muzzin
36.7%
Tampa Bay Lightning (2020)
Zach Bogosian
36.4%
Pittsburgh Penguins (2009)
Hal Gill
35.1%
St Louis Blues (2019)
Carl Gunnarsson
34.4%
Tampa Bay Lightning (2004)
Fredrik Modin
33.8%
Montreal Canadiens (1993)
Gary Leeman
33.8%
Pittsburgh Penguins (2017)
Ron Hainsey
31.3%
New York Rangers (1994)
Eddie Olczyk
31.1%
Montreal Canadiens (1993)
Kirk Muller
31.1%
Montreal Canadiens (1993)
Mathieu Schneider
31.1%
Pittsburgh Penguins (2017, 2016) *
Matt Murray
30%
Chicago Blackhawks (2013)
Ben Smith
29.7%
Carolina Hurricanes (2006)
Glen Wesley
29.7%
Detroit Red Wings (1998) Calgary Flames (1989)
Jamie Macoun
27%
New York Rangers (1994)
Glenn Healy
27%
Tampa Bay Lightning (2004)
Pavel Kubina
25.7%
Hint
Answer
% Correct
Pittsburgh Penguins (1992, 1991)
Tom Barrasso
25.7%
Anaheim Ducks (2007)
Francois Beauchemin
25.4%
Los Angeles Kings (2012)
Jonathan Bernier
23%
Anaheim Ducks (2007)
J.S. Giguere
21.6%
Anaheim Ducks (2007)
Brad May
20.3%
Dallas Stars (1999)
Benoit Hogue
20.3%
Montreal Canadiens (1993) Calgary Flames (1989)
Rob Ramage
20.3%
Pittsburgh Penguins (1992)
Ken Wregget
20.3%
Chicago Blackhawks (2013)
Viktor Stalberg
18.9%
Detroit Red Wings (1998)
Dmitri Mironov
18.9%
Carolina Hurricanes (2006)
Martin Gerber
17.6%
Detroit Red Wings (1998, 1997)
Bob Rouse
17.6%
Colorado Avalanche (1996)
Warren Rychel
16.2%
Colorado Avalanche (2001) Dallas Stars (1999)
Dave Reid
14.9%
Detroit Red Wings (1998)
Anders Eriksson
14.9%
Colorado Avalanche (1996)
Sylvain Lefebvre
14.9%
New York Rangers (1994)
Alexander Karpovtsev
14.9%
Los Angeles Kings (2014, 2012)*
Kyle Clifford
13.6%
Carolina Hurricanes (2006)
Kevyn Adams
13.5%
New Jersey Devils (2003)
Corey Schwab
13.5%
Detroit Red Wings (2002)
Boyd Devereaux
13.5%
Colorado Avalanche (1996) Edmonton Oilers (1988)
Dave Hannan
13.5%
New York Rangers (1994)
Nick Kypreos
10.8%
Edmonton Oilers (1990, 1988, 1987)
Craig Muni
10.8%
Colorado Avalanche (2022)
Nicolas Aube-Kubel
10%
Detroit Red Wings (2008)
Brett Lebda
9.5%
Colorado Avalanche (1996)
Craig Wolanin
9.5%
Montreal Canadiens (1993)
Paul DiPietro
9.5%
Anaheim Ducks (2007)
Ric Jackman
8.1%
Chicago Blackhawks (2013)
Jamal Mayers
5.4%
Pittsburgh Penguins (2009)
Mike Zigomanis
5.4%
Washington Capitals (2018)
Travis Boyd
4.5%
Pittsburgh Penguins (1992, 1991)
Grant Jennings
4.1%
Quiz Playlist
Details
Report
Send in Message
Add To Playlist
Classic:
Type in answers that appear in a list
Last Updated: Mar 3, 2023
Quiz Scoreboard
CHALLENGE
Sign Up to Join the Scoreboard
Show All
Scores
Hide
Comments
May contain spoilers
Recently Published
Movies - When Are They Set?
by FPL_Elf
Movies
5m
Popular People in 1961
by mucciniale
History
6m
1-10 Letter E Words III
by El_Dandy
Language
2m
More to Explore
Quiz From the Vault
Featured Blog Post
Where Did the Easter Bunny Come From?
hide this ad
You Might Also Like...
Tags
NHL Quiz
Toronto Maple Leafs
Today's Top Quizzes in Sports
Browse Sports
hide this ad
Today's Top Quizzes in NHL
Browse NHL
Top Contributed Quizzes in Sports
1
Les meilleurs buteurs des matchs entre le PSG et l’OM
2
2022 World Cup Stars
3
FIFA Club World Cup Champions
4
Les entraîneurs de l'OM et du PSG au 21e siècle
5
Name the Premier League winners with different clubs
6
La finale Lions - Afrique du Sud 2021
7
Criteria MLB: Left Handed Sluggers
8
Les joueurs passés par le LOSC et le RC Lens
9
Players with Multiple 50 Home Run Seasons
10
MLB Players with Two .350 Batting Average Seasons
Explore More
Trending Topics
Marvel
Crossword
Disney
Kpop
NBA
Harry Potter
Anime
Country
WWE
Song
Puzzle
The Office
Pokémon
Soccer
NFL
hide this ad
Score Distribution
Popular Quizzes Today
1
Find the Countries of Europe - No Outlines Minefield
2
Find the US States - No Outlines Minefield
3
The Countries of the World
4
Popular People in 1961
5
US States
6
1-10 Letter E Words III
7
Find the US States
8
One Thing in Common: World Cities II
More Sports Quizzes
France FIFA World Cup 2022 Squad
Quiz Lab
Trending Quizzes
Risky Map Clicking: Least Populous States A-Z
1-10 Letter F Words
1-10 Letter G Words
One Thing in Common: United Kingdom
Risky Map Clicking: Next State Alphabetically
Recently Updated
Leaping Animals
pecheneg
Reality TV Shows (A-Z)
bhenderson79
Rickey Henderson's Hall of Fame Teammates
pecheneg
Champions League XIs: Arsenal
pecheneg
Quick Pick: Celebrities in WWE's Hall of Fame
aduchscher
A-Z Keypad Blitz II
pecheneg
Multiple Oscar Actors
pecheneg
Mystery Phrase Blitz: Oscar 'Best Actors'
pecheneg
F. Scott Fitzgerald Novels
LTH
Pick 3 Villains
ddd62291
Trending Topics
Harry Potter
NBA
Anime
Crossword
Marvel
Disney
Kpop
WWE
The Office
Song
Pokémon
Country
Puzzle
Soccer
NFL
Your Account Isn't Verified!
In order to create a playlist on Sporcle, you need to verify the email address you used during registration. Go to your
Sporcle Settings
to finish the process.
Report this User
Report this user for behavior that violates our
Community Guidelines
.
Details:
Send Report
Go to the Sporcle.com Mobile Site →
Comments